Cserepek

Bibliographic Details
Main Author: Öllős, Edit, 1975- (Author)
Format: Article
Language:Hungarian
Slovak
Subjects:

MARC

LEADER 00000nab a2200000 a 4500
001 vtls000867243
003 SK-MaSNL
005 20260302161507.0
008 160314c2004 xo 0 hun
015 |a SNBRB2004/03-10155 
035 |a CLN000218795 
040 |a SNKBUCL  |b slo  |c SNKBUCL  |e AACR2 
041 0 |a slo 
044 |a xo  |c SK 
080 |a 821.511.141 (437.6)-94=511.141  |2 UDC-MRF-SK2 
100 1 |a Öllős, Edit,  |d 1975-  |4 aut  |9 108673 
245 1 0 |a Cserepek  |c Öllős Edit 
650 0 7 |a denníky, maďarské (literatúra)  |2 snkbucl  |9 73929 
773 0 |t Irodalmi szemle  |g Roč. 47, č. 2 (2004), s. 28-31 
850 |a Slovenská národná knižnica v Martine 
852 |a SNK  |b KIS3GCP 
958 |a HU 
958 |a SK 
958 |a LX 
958 |a RBX 
999 |c 1377513  |d 1379443